[Event "Chessable Masters Final"]
[Site "chess24.com INT"]
[Date "2020.07.03"]
[Round "3.14"]
[White "Carlsen, Magnus"]
[Black "Giri, Anish"]
[Result "0-1"]
[WhiteElo "2863"]
[BlackElo "2764"]
[PlyCount "51"]
[EventDate "2020.06.25"]
[EventType "k.o. (rapid)"]
[EventRounds "3"]
[EventCountry "GER"]
[SourceTitle "CBM 197"]
[Source "ChessBase"]
[SourceDate "2020.07.27"]
[SourceVersion "1"]
[SourceVersionDate "2020.07.27"]
[SourceQuality "1"]

1. e4 c5 2. Nf3 d6 3. Bb5+ Nd7 4. a4 Ngf6 5. Nc3 g6 6. a5 Bg7 7. O-O a6 8. Be2
O-O 9. Re1 b5 10. axb6 Bb7 11. d3 Nxb6 12. e5 Nfd5 13. Nxd5 Nxd5 14. exd6 exd6
15. c3 Re8 16. Bd2 Qb6 17. Qc2 a5 18. h3 Bc6 19. d4 cxd4 20. Nxd4 Nb4 21. cxb4
Bxd4 22. bxa5 Bxf2+ 23. Kf1 Qd4 24. Qxc6 Bxe1 25. Bxe1 Qxb2 26. Bf3 0-1

[Event "Chessable Masters Final"]
[Site "chess24.com INT"]
[Date "2020.07.04"]
[Round "3.21"]
[White "Carlsen, Magnus"]
[Black "Giri, Anish"]
[Result "1-0"]
[WhiteElo "2863"]
[BlackElo "2764"]
[Annotator "Nielsen,Peter Heine"]
[PlyCount "67"]
[EventDate "2020.06.25"]
[EventType "k.o. (rapid)"]
[EventRounds "3"]
[EventCountry "GER"]
[SourceTitle "CBM 197"]
[Source "ChessBase"]
[SourceDate "2020.07.27"]
[SourceVersion "1"]
[SourceVersionDate "2020.07.27"]
[SourceQuality "1"]

{[%evp 0,67,13,13,35,-24,-12,-17,-5,-11,45,46,103,87,87,59,81,41,84,84,84,89,
77,72,62,52,52,33,33,17,13,9,21,-3,-2,-18,2,-29,-14,-86,-14,-106,-64,-107,-50,
-50,-59,-75,-52,-101,-92,-92,67,-10,6,6,6,-34,-10,3,138,118,118,118,123,177,
563,798,1199,958]} {Magnus won the first "set", but one of the advantages of
the system is that even when ahead, you cannot sit on your lead and cruise to
victory:} 1. d4 Nf6 2. c4 e6 3. Nf3 d5 4. Nc3 c5 $5 {While its "only" rapid,
clearly the players treat it like a serious event, with opening preparation
trying to surprise the opponent. Giri here chooses the Semi-Tarrasch, an
opening having a renaissance due to Kramnik making it an efficient "blocking"
weapon, most recently in the 2018 Candidates where Anish was his second!} 5.
cxd5 Nxd5 6. e4 Nxc3 7. bxc3 cxd4 8. cxd4 Bb4+ 9. Bd2 Bxd2+ 10. Qxd2 O-O 11.
Bc4 {Recently Magnus has tried 11 Bd3, but Giri certainly can be trusted to
have solved that problem.} Nd7 {The modern way. In the old days 11...Nc6
looked more natural, but while at fist it appears more active, the knight
tends to end up at a5 leaving the black king more exposed, illustrated by the
beautiful classic Polugaevsky- Tal from the 1969 Soviet Championship.} 12. O-O
b6 13. Rad1 Bb7 14. Rfe1 Rc8 15. Bb3 Re8 {While Magnus earlier tried a more
positional plan with a4-a5, all this is pretty standard with Kramnik having
had this position as black several times. Black stays flexible, ready to make
exchanges in the e-line after a possible d5 exd5 exd5. Making a useful more
for White is not trivial, themost popular choice being 16.h3 passing the move
back to Black.} 16. Re3 $5 {An odd looking move, as arranging an attack via g3
certainly not is possible, but it has a more subtle hidden point.} Nf6 {
The point of the modern Semi-Tarrasch, instead of a5 the knight ends up at f6,
not only attacking the white centre but also providing protection for the
black kingside ( no Bxh7+ sacrifice!)} 17. d5 {Technically speaking only this
is the novelty.} exd5 18. e5 Ne4 19. Qe1 {This is the point of White's opening
concept. At first sight it might look like a pawn down and a strong black
knight at e4, but due to tactics in the e-file White indirectly protects the
pawn on e5, thus having the unstoppable plan of Nd4 and f3, forcing the black
knight to retreat.} Qc7 {Giri thought for a while. After the match he said he
was aware of the white concept, but obviously had troubles recalling the right
antidote. Black's move is logical, but has the downside that Nb5 wins a tempo
aiming for the d6 square, but similar could be said of 19...Qe7 with a then
possible Nf5.} 20. Nd4 a6 {Stopping Nb5.} (20... Qxe5 21. f3 f5 22. fxe4 fxe4 {
is 3 pawns for the piece, but while by the classic scale that is just enough
for a knight, then A) modern computers does give numbers like 3.1 or 3.2
instead of the traditional 3, but more importantly B) the white knight on d4
makes it intolerable for Black.}) 21. h4 $5 {Magnus later admitted that his
preparation ended around here.} (21. f3 {also was logical, but given the
chance why not stay on brand and add some Alphazero flavor.}) 21... Rcd8 22. f3
Nc5 23. h5 {Whites position is starting to make sense. E5 is now well
protected and the h-pawn does a great job of discouraging ...g6 keeping the
white knight away from f5, as then apart from hxg6 and attack down the h-line,
the Alphazero h6!? very much becomes an option. Black really has his hands
full already, not to mention this is a 15 minute game and Anish having spent
quite some of the precious minutes already.} Ne6 24. Nf5 d4 {Giri said that
this move gave him hope, as optically the bishop on b7 springs to life, and
Black appears to have some activity.} 25. Red3 $1 {A "slow" looking move, but
White now threatens the trivial Nd6 followed by Bxe6 and Rxd4 getting the pawn
back, but keeping a dominant position.} Nc5 {Life is not really fair towards
Giri here.} (25... Bd5 {should bring relieving exchanges, but} 26. Nd6 Bxb3 27.
Nxe8 {works tactically, when despite Black having a pawn and solidity for the
exchange, White's win is just a matter of technique.}) {And now it looks like
White's e-pawn is en prise, but back rank tactics also makes that an illusion.}
26. Rxd4 Rxd4 27. Rxd4 Nxb3 28. Qg3 {Material being equal (when White
recaptures on b3) and all Black's pieces being on seemingly optinal squares,
it is hard to believe that Black is just lost. However, another Alphazero
theme comes to mind: Black's king is confined to g8, while White's has space
around it, making it easily escape the black back rank threats on the safe
haven h2. The black king, however, is caught in a mating net.} g6 ({If} 28...
f6 {then} 29. Rg4 $1 {immediately wins, with} Qxe5 30. Rxg7+ Kh8 31. Rxh7+ {
the principal point mating on g7 next move.}) 29. axb3 Rd8 $6 {Allows a very
beautiful finish, making the difference between a great game and a classic.} (
29... Bxf3 {was better way to muddy the waters, when White has several ways to
keep a winning edge, but by far most convincingly by} 30. Rc4 $1 {when} Bc6 31.
Nd4 {cynically ends the game.}) 30. e6 $3 {Hitting where it hurts the most.}
Qc1+ ({Black's queen is overloaded as} 30... Qxg3 {is met by} 31. Rxd8#) 31.
Kh2 Rxd4 32. e7 $3 {The true moment of beauty, it is the least valued piece
that breaks Black's resistance.} Qc8 ({The key idea is that} 32... Bc6 {
stopping promotions fails to the back rank mate after} 33. Qb8+) 33. Qe5 $1 {
Threatening mate on g7 as well as queening the pawn. All that is left for
Black is to give a check.} Rh4+ 34. Kg3 $1 {A fitting end, illustrating the
difference in king safety, the white monarch safely steps forward, even
attacking the rook on h4, while Black's king is caught on its castling square.
If 34...gxf5 promoting with check and the collecting the rook on h4 wins
trivially. It might still feel like classical chess should produce more
interesting opening concepts, higher quality in games but these "youngsters"
playing Clutch chess or Chessable Masters do a very impressive job of making
that point of view sound old and grumpy. The World Champion plays close to
prefection, and Giri forces him to illustrate both positional sacrifices and
sharp tactics by putting up strong resistance. All in the space of half an
hour.} 1-0

[Event "Chessable Masters Final"]
[Site "chess24.com INT"]
[Date "2020.07.04"]
[Round "3.24"]
[White "Giri, Anish"]
[Black "Carlsen, Magnus"]
[Result "1/2-1/2"]
[WhiteElo "2764"]
[BlackElo "2863"]
[Annotator "Edouard,R"]
[PlyCount "82"]
[EventDate "2020.06.25"]
[EventType "k.o. (rapid)"]
[EventRounds "3"]
[EventCountry "GER"]
[SourceTitle "CBM 197"]
[Source "ChessBase"]
[SourceDate "2020.07.27"]
[SourceVersion "1"]
[SourceVersionDate "2020.07.27"]
[SourceQuality "1"]

{[%evp 0,82,32,22,35,-11,-11,-9,-9,-9,30,25,17,8,26,-11,18,44,61,53,53,33,62,
32,34,22,60,49,71,47,29,37,59,30,41,18,54,36,49,41,63,73,84,73,67,53,69,62,99,
35,35,28,21,16,16,60,111,6,117,68,109,124,199,214,224,114,158,160,191,179,179,
0,0,0,0,0,0,0,0,0,0,0,0,0,0]} 1. d4 Nf6 2. c4 e6 3. Nf3 d5 4. Nc3 c6 5. Bg5
Nbd7 6. e3 Qa5 7. Nd2 $5 dxc4 8. Bxf6 Nxf6 9. Nxc4 Qc7 10. Rc1 Be7 11. g3 $5 {
The most aggressive system.} O-O (11... Nd5 12. a3 Nxc3 13. Rxc3 O-O 14. Bg2
Rd8 15. b4 Bd7 $14 {½-½ (30) Khademalsharieh,S (2419)-Tan Zhongyi (2523)
China 2017}) 12. Bg2 Rd8 (12... c5 13. Nb5 (13. O-O cxd4 14. Nb5 Qc5 15. Nxd4
Rd8 16. Qe2 e5 17. b4 Qc7 18. Nb5 Qb8 19. Qb2 Bd7 20. a4 $14 {½-½ (30)
Khademalsharieh,S (2481)-Naiditsch,A (2681) Changsha 2019}) 13... Qb8 14. dxc5
Bxc5 15. O-O Bd7 16. Qb3 $14) 13. O-O Bd7 (13... Nd5 14. a3 (14. Qb3 $5) 14...
Nxc3 (14... Bd7 15. b4 Be8 16. Qb3 Rac8 17. Ne5 Qb8 18. Nd3 $14 {1-0 (46)
L'Ami,E (2611)-Naiditsch,A (2702) Aachen 2018}) 15. Rxc3 a5 16. Qc2 Bd7 17. h4
$14 {½-½ (57) Vidit,S (2707)-Bu Xiangzhi (2729) Hengshui 2019}) 14. e4 $1 b5
(14... Be8 $5 15. e5 Nd7 16. Ne4 Nb6 17. Ncd6 Nc8 18. Nxe8 $5 (18. Nc4 Nb6 $11
{1-0 (71) Ding Liren (2811)-Shankland,S (2705) chess.com 2019}) 18... Rxe8 19.
f4 Nb6 20. Qf3 Qd7 (20... Rad8 21. f5 $16 {1-0 (40) Yilmaz,M (2567)-Stern,R 
(2513) GER 2014}) 21. Rcd1 $14 {1/2-1/2 (41) Eljanov,P (2753)-Blagojevic,D 
(2481) ISL 2015}) (14... Rac8 15. e5 Ne8 16. Ne4 c5 17. dxc5 Bb5 18. Qb3 Bxc4
19. Rxc4 Qxe5 20. Qxb7 Bxc5 $2 21. b4 {1-0 (21) Gozzoli,Y (2587)-Flear,G (2451)
Espalion 2018}) 15. Ne3 $1 {The right place for the knight!} Qb6 (15... Qa5 16.
a3 Rab8 17. e5 Nd5 18. Ne4 Be8 19. Nc5 Nxe3 20. fxe3 $16 {1/2-1/2 (40) Giri,A 
(2732)-Hansen,S (2563) POL 2013}) 16. e5 Nd5 17. Ne4 Be8 18. a3 $1 $146 (18.
Nc5 Bxc5 19. Nxd5 cxd5 (19... Rxd5 $1 $146 20. Bxd5 Bxd4 21. Be4 Rd8 $44) 20.
Rxc5 b4 21. Qd2 Rac8 22. Rfc1 $14 {1-0 (43) Wojtaszek,R (2745)-Banusz,T (2611)
Linares 2017}) 18... a5 19. Qd3 Ra7 20. Nc5 a4 21. Be4 h6 22. Rfd1 Qb8 23. Qe2
b4 24. Ng4 $1 {Black was already dominated, now White tries to mate!} bxa3 (
24... Ra5 {was a better move.}) 25. bxa3 Bxc5 $2 {You should normally accept
this exchange only if it changes White's structure - or if you have really no
other choice!} (25... Ra5 {was again a better move.}) 26. Rxc5 Rb7 27. Bc2 {
Everything's wrong in Black's position!} Ne7 28. Nf6+ $5 Kf8 (28... gxf6 29.
exf6 Ng6 30. Qe3 Qd6 31. h4 $18) 29. Qg4 Rb5 (29... gxf6 30. exf6 Ng6 31. Qh5
$18) 30. Nh5 g6 31. Qf4 Nf5 32. Rxb5 Qxb5 33. Bxf5 g5 34. Qf3 (34. Qe3 $5 {
was even stronger:} exf5 35. e6 $18) 34... exf5 35. Qxf5 $4 {A model game
spoiled by one blunder!} (35. Nf6 Qb3 36. Rd3 $18) 35... Qe2 36. Rc1 {Luckily
White has this move and saves a draw!} Qxh5 37. Qf6 $1 Rxd4 38. Qh8+ Ke7 39.
Qf6+ Kf8 40. Qh8+ Ke7 41. Qf6+ Kf8 1/2-1/2

[Event "Legends of Chess Prelim"]
[Site "chess24.com INT"]
[Date "2020.07.27"]
[Round "7.4"]
[White "Carlsen, Magnus"]
[Black "Svidler, Peter"]
[Result "1-0"]
[WhiteElo "2863"]
[BlackElo "2723"]
[Annotator "Kasimdzhanov,R"]
[PlyCount "127"]
[EventDate "2020.07.21"]
[EventType "tourn (rapid)"]
[EventRounds "9"]
[EventCountry "GER"]
[EventCategory "20"]
[SourceTitle "CBM 197"]
[Source "ChessBase"]
[SourceDate "2020.07.27"]
[SourceVersion "1"]
[SourceVersionDate "2020.07.27"]
[SourceQuality "1"]

{[%evp 0,28,19,28,20,30,49,35,35,28,30,11,22,34,54,25,18,10,10,-9,-8,-5,-32,
-29,-35,-40,-30,-21,-25,-19,-16] This is the fourth game of the match in a
preliminary stage of the tournament. First 3 games were drawn, with Svidler
defending some pretty shaky positions.} 1. d4 Nf6 2. Nf3 g6 3. Bf4 Bg7 4. e3
O-O 5. Be2 c5 6. O-O Qb6 7. Nbd2 d5 (7... Qxb2 {was surprisingly possible, but
nobody does that in rapid, of course -} 8. Nc4 Qb5 $1) 8. Qc1 {a bit passive.
After} (8. dxc5 {White would have more chances to fight for initiative, for
instance} Qxb2 9. Be5 Qa3 10. c4 Qxc5 11. Nb3 Qc6 12. Rc1) 8... Nc6 9. c3 Nh5
$1 10. Bg5 h6 11. Bh4 g5 12. Bg3 Nxg3 13. hxg3 {White played the opening as if
he were playing with the black pieces. A similar strategy was often employed
by Gata Kamsky.} e5 {Not the only way to continue.} (13... Bf5 14. Nb3 c4 15.
Nbd2 Rac8 16. b3 cxb3 17. axb3 a6 18. b4 {[%cal Gd2b3] White keeps his fair
share of chances here.}) 14. Nxe5 Nxe5 15. dxe5 Bxe5 16. e4 dxe4 17. Nc4 $5 {
Magnus starts a very brave attempt at complicating matters.} (17. Nxe4 Bf5 18.
Nd2 Rad8 19. Nc4 Qc7 $11 {is much more simple.}) 17... Qe6 (17... Qc7 18. Qe3
Bf5 19. Rad1 Rad8 20. Nxe5 Qxe5 21. f4 {the point} gxf4 22. gxf4 Qg7 {with a
mess}) 18. Qe3 Bg7 $6 {Maybe slightly inaccurate.} ({After} 18... Bc7 $1 {
Black controls d6, and feels much safer.} 19. Qxc5 Qc6 $1 20. Qxc6 bxc6 {
and only Black could be better here, though White should be able to hold, of
course.} 21. g4 Be6 22. Nd2 f5 23. gxf5 Bxf5) 19. Qxc5 (19. Rad1 $5 {Not a bad
idea, actually.} b6 20. Nd6 Qe5 21. Nxc8 Raxc8 22. Rd7 Rc7 (22... Qe6 23. Rxa7)
23. Rfd1 {and White has a lasting compensation for the pawn.}) 19... b6 (19...
Qc6 $5 {was maybe simpler:} 20. Qxc6 bxc6 21. Rfd1 Be6 {probably leads to
equality after} 22. Na5 Rab8 23. Rd2 Rb6 ({or} 23... Rxb2 24. Rxb2 Bxc3 25.
Rab1 Bxa5 $44)) 20. Qa3 f5 $6 {Very natural, but does create weaknesses and
ignores the development a bit too much.} ({After} 20... Qc6 21. Rad1 Be6 22.
Ne3 Rfd8 {Black keeps his king very safe and has a full share of chances:} 23.
Qa6 (23. Rxd8+ Rxd8 24. Qxa7 Bf8 25. Rd1 Ra8 26. Bb5 Rxa7 27. Bxc6 Rxa2) 23...
f5 24. g4 f4 25. Nf5 Kh8) 21. Rad1 {Now Black has to solve some serious
tactical problems.} Bd7 {Maybe not the best.} (21... Qg6 22. g4 $5 (22. Rd6 Be6
23. Ne3 Kh8 24. Bc4 Rf6 {Black hangs on in this slightly awkward manner.} 25.
Qb3 Re8 26. Bxe6 Rfxe6 27. Rxe6 Rxe6 28. Qd5 f4 29. Nf5 Re5 30. Qd8+ Re8 31.
Qd7 Bf8 $13) 22... fxg4 23. Rd6 Qe8 24. g3 Kh8 25. Ne3 Be6 26. Qb4 Bg8 27. Bc4
$44) (21... f4 22. Nd6 (22. Rd6 Qe7 23. Nxb6 axb6 24. Bc4+ Be6 $1 25. Rxe6 Qxa3
26. bxa3 Kh8 $14) 22... Kh8 23. gxf4 Rxf4 (23... gxf4 24. Nxe4 $1 Bb7 25. Bf3
$1 $16) 24. Bc4 Qe7 25. Bd5 Rb8 26. Bxe4 $14) (21... Kh8 22. Rd6 Qf7 23. Nxb6
$16) 22. Rd6 (22. Ne3 $1 {was already very strong:} Kh8 23. g4 (23. Rd6 $5 Qe8
{transposes, see below.}) 23... f4 24. Nf5 Be5 (24... Rxf5 25. gxf5 Qxf5 26.
Qe7 $16) 25. Bc4 Qe8 26. Bd5 $16) 22... Qe8 (22... Qe7 23. Ne3 (23. Nxb6 {
is too cheap:} axb6 24. Bc4+ Be6 25. Rxe6 Qxa3 $14) 23... Rf6 24. Rfd1 {
White keeps quite some pressure.}) 23. Bh5 $6 {Not the best, but finding the
right line would be tough under any circumctances.} (23. Ne3 $1 Kh8 (23... Be6
24. Rxe6 $1) (23... f4 24. Nd5 f3 25. gxf3 exf3 26. Bc4 Kh8 27. Ne7 $16) 24.
Nd5 Qf7 25. Bh5 $1 {Now!} Qxh5 26. Rxd7 Rf7 27. Qa4 Rxd7 28. Qxd7 Rf8 29. Ne7
$1 Qf7 30. Rd1 f4 31. gxf4 gxf4 32. Qd6 Kh7 33. Re1 $16) (23. Rfd1 {allows
some play:} Bb5 (23... Be6 24. Ne3 Kh8) 24. R6d5 e3) 23... Qe7 (23... Qxh5 24.
Rxd7 Rf7 25. Rfd1 f4 26. gxf4 gxf4 27. Qb3 Rxd7 28. Rxd7 Kh8 29. Qd1 {is still
a bit better for White.}) 24. Ne3 (24. Rfd1 Be6 25. Qa4 Rad8 26. Qc6 Rxd6 27.
Rxd6 Rf6 {doesn't feel clear}) 24... Be6 25. Bd1 $1 {Undoubtedly, the point
behind the plan with Bh5. Now Black has a choice.} (25. g4 f4 26. Nf5 Bxf5 27.
gxf5 Rad8 28. Rfd1 Rxd6 29. Rxd6 g4 $1 30. Bxg4 Qh4) 25... f4 {This leads to
what looks like a draw, but things are very deceptive here...} (25... Rae8 $5 {
looks wrong, but in fact very solid.} 26. Bb3 (26. Rxe6 Qxa3 27. bxa3 Rxe6 28.
Bb3 Kf7 29. Nxf5 Bxc3 {White really has nothing to gain out of the pin, and
even has to be careful.} 30. Nxh6+ Ke7 31. Bxe6 Kxe6) 26... Bxb3 27. Qxb3+ Kh8
28. Rd5 f4 29. Nf5 Qe6 30. g4 e3 {looks very complex.}) (25... Kh8 26. Bb3 $1
f4 27. Nd5 (27. gxf4 gxf4 28. Rxe6 Qxa3 29. bxa3 fxe3 30. fxe3 Rac8 $1) 27...
Qf7 28. Nxf4 Bxb3 29. Ng6+ Kg8 30. Qxb3 Qxb3 31. axb3 Rfe8 32. f4 {Here White
keeps some winning chances though.}) 26. Rxe6 $1 (26. gxf4 gxf4 27. Rxe6 Qxa3
28. bxa3 fxe3 29. fxe3 {leaves less pawns on the board and probably favors
Black.}) 26... Qxa3 27. bxa3 fxe3 28. fxe3 Rxf1+ 29. Kxf1 {This endgame looks
like it shouldn't be too difficult, but Magnus is especially dangerous in
these positions. The rest of the game is deeply impressive.} Kf8 (29... Bxc3
30. Bb3 Kg7 31. Rxe4 $14) (29... Rd8 $5 30. Bb3 Kf8 {This type of finesse is
beyond humans.} 31. Ke2 (31. Rxe4 Re8 $1) 31... Bxc3 32. Rxe4 Rd2+ 33. Kf3 h5
34. g4 h4 35. Re6 Rb2 36. Rg6 Be1 {The brilliant point of Black's counterplay.}
37. Rxg5 Rf2+ 38. Ke4 Rxg2) 30. Ke2 Rc8 31. Bb3 Rxc3 32. Rxe4 Rc5 $6 {Natural,
but not the best.} (32... Rc6 $1 {A great idea, playing for the domination of
white rook. Now even Magnus would find it difficult to generate chances.} 33.
g4 (33. Kf3 Bb2 34. a4 h5 35. g4 h4) (33. Ba4 Rc3 34. Re8+ Kf7 35. Ra8 Rxa3 $11
) 33... Bb2 $1 34. a4 a5 {[%csl Ge4] a unique picture, with a "trapped" rook
in the center of the board.}) 33. Re6 $1 Re5 {More decisive measures were
called for.} (33... h5 $1 {[%cal Gg5g4]} 34. Kd3 (34. g4 hxg4 35. Re4 Bb2 36.
a4 Re5 37. Rxg4 Bc1) 34... g4 35. Ke4 Bb2 {[%cal Gc5c7,Gc7e7] with chances for
counterplay.}) 34. Rd6 (34. Rc6 Rc5 35. Rd6 {has a point, too.}) 34... Ke7 {
Svidler plans on holding the game by staying solid, but perhaps he should have
grabbed the chance for some activity.} (34... g4 $1 {[%csl Gg3][%cal Gh6h5]})
35. Rg6 Kf8 (35... Bf8 $5 {with the same theme, trying to limit White's rook
activity, was the best defence.} 36. a4 (36. g4 Kd7) 36... Kd7 37. Kd3 {
[%cal Ge3e4,Gb3d5] but still tough, of course.}) 36. g4 $1 {Now the World
Champion turns into a well-tuned machine.} Rc5 37. a4 $1 {We'll see soon
enough why.} Re5 38. Kd3 Rc5 39. Bc4 Re5 40. Rc6 Rc5 41. Rd6 Ke7 42. Rg6 Kf8
43. e4 $1 {Actually, zugzwang.} Rc7 44. a5 $1 bxa5 45. Ra6 Ke7 $2 {A loss of
focus, but Svidler was badly pressed on time.} ({After the better} 45... Rd7+
46. Bd5 Rc7 47. Rxa5 Bb2 {Black still has some chances, but his task is not
enviable.}) 46. e5 $1 {Magnus is very focused and grabs his chance.} Kf8 (46...
a4 47. Bd5 Kf8 48. Ke4 {doesn't change much.}) 47. Rxa5 Ke7 48. Bb3 Rb7 49. Ke4
Bf8 50. Kf5 Rc7 51. Ra6 Ke8 52. Kg6 Rb7 53. Re6+ {A slight slip.} (53. e6 $1
Rc7 54. Ra5 {[%cal Ga5f5] was game over.}) 53... Kd8 $2 (53... Be7 {and
there's still a bit of work to be done.} 54. Bd5 (54. Kxh6 Rb6 $1) 54... Rb4
55. Bc6+ Kf8 56. Kxh6 Rxg4 57. Kg6 Rb4) 54. Rf6 Be7 55. Kxh6 $1 Rb5 56. Rf5 Rb4
57. e6 Rxg4 58. Rd5+ Ke8 59. Kg6 Rf4 60. Ra5 Kf8 61. Rxa7 Rf6+ 62. Kh7 Bd6 63.
Rf7+ Rxf7+ 64. exf7 {One of those games that, despite visual simplicity, have
a lot of content, especially for the theme of choosing between varying
defensive formations under pressure. At the end of this game Magnus still had
about 10 minutes, having started with 15. I can't think of many players in
history capable of this level at this speed. Very, very impressive stuff.} 1-0

[Event "Legends of Chess Final"]
[Site "chess24.com INT"]
[Date "2020.08.01"]
[Round "1.21"]
[White "Carlsen, Magnus"]
[Black "Svidler, Peter"]
[Result "1-0"]
[WhiteElo "2863"]
[BlackElo "2723"]
[PlyCount "51"]
[EventDate "2020.07.31"]
[EventType "k.o. (rapid)"]
[EventRounds "2"]
[EventCountry "GER"]
[SourceTitle "CBM 197"]
[Source "ChessBase"]
[SourceDate "2020.07.27"]
[SourceVersion "1"]
[SourceVersionDate "2020.07.27"]
[SourceQuality "1"]

1. e4 c5 2. Nf3 d6 3. d4 cxd4 4. Nxd4 Nf6 5. Nc3 a6 6. Be3 e6 7. Be2 Qc7 8. Qd2
b5 9. a3 Bb7 10. f3 Nbd7 11. O-O-O d5 12. exd5 Bxd5 13. Bf4 Qb6 14. Rhe1 O-O-O
15. Be3 Qb7 16. a4 b4 17. Nxd5 Nxd5 18. Nb3 Qc6 19. Qd4 Bd6 20. Na5 Qc5 21.
Bxa6+ Kc7 22. Nb7 Qxd4 23. Rxd4 Ra8 24. Nxd6 Kxd6 25. Bb5 N7f6 26. Bd2 1-0